000 00963cab a2200289 4500
001 ABS58409
008 090401t1998 xxu||||| |||| 00| 0 eng d
035 _a(Sirsi) u85215
041 _aeng
100 _aLock, G.
245 _aKiller on the loose
260 _c1998
350 _a0
490 _aManufacturing Management
_v7(3) March 1998, 20-21(2)
520 _aExplains why it is necessary for both companies and employees to adhere to COSHH (Control of Substances Hazardous to Health) regulations. Looks at respiratory hazards at work and how to minimise the risk through protective equipment.
650 _aCOSHH REGULATIONS
650 _aEUROPEAN STANDARDS
650 _aEXPOSURE
650 _aHAZARDOUS SUBSTANCES
650 _aHEALTH AND SAFETY
_96244
650 _aHEALTH RISKS
650 _aMANUFACTURERS
650 _aPROTECTIVE EQUIPMENT
690 _aBUILT ENVIRONMENT-BUILDING STANDARDS
942 _n0
948 _c26/03/1998
999 _c53560
_d53560